000 00892nam a2200241 a 4500
001 38907
003 BD-RjUL
005 20211209052900.0
008 160424r20131998ii a|||e |||| 001 0 ben d
020 _a8172157819
_c: TK.695.00
035 _a(BD-RjUL)39017
040 _aBD-RjUL
_bben
_cBD-RjUL
041 _aben
082 _223
_a954
_bTRS 2013
100 _aত্রিপাঠী , অমলেশ
_9120029
245 1 0 _aস্বাধীনতার মুখ /
_cঅমলেশ ত্রিপাঠী
260 _aকলকাতা :
_bআনন্দ,
_c১৯৯৮ [মুদ্রণ ২০১৩]
300 _a২৪৭ পৃ. :
_bচিত্র ;
_c২৪ সেমি.
504 _aনির্ঘণ্ট সংযুক্ত
650 _aভারত
_9120039
_xইতিহাস
_y১৯৪৭-
650 _aIndia
_9120040
_xHistory
_y1947-
942 _2ddc
_cBK
999 _c38907
_d38907